Sổ tay truyện ngắn

Αποθηκεύτηκε σε:
Λεπτομέρειες βιβλιογραφικής εγγραφής
Μορφή: Βιβλίο
Γλώσσα:Undetermined
Έκδοση: Thành phố Hồ Chí Minh Văn nghệ Thành phố Hồ Chí Minh 2001
Θέματα:
Ετικέτες: Προσθήκη ετικέτας
Δεν υπάρχουν, Καταχωρήστε ετικέτα πρώτοι!
Thư viện lưu trữ: Trung tâm Học liệu Trường Đại học Cần Thơ
LEADER 00627nam a2200205Ia 4500
001 CTU_44151
008 210402s9999 xx 000 0 und d
020 |b 22.000đ 
020 |c 22000 
082 |a 895.922301 
082 |b S450 
245 0 |a Sổ tay truyện ngắn 
245 0 |c Vương Trí Nhàn sưu tầm, biên soạn, dịch 
260 |a Thành phố Hồ Chí Minh 
260 |b Văn nghệ Thành phố Hồ Chí Minh 
260 |c 2001 
650 |a Short stories 
650 |x History and criticism 
904 |i Minh 
980 |a Trung tâm Học liệu Trường Đại học Cần Thơ